000 00363nam a2200145Ia 4500
008 260624s2022 xx 000 0 und d
020 _a9780323612111
041 _aeng
082 _a616.5
100 _aJashin Wolverton
245 _aCompernsive Dermatologic Drug Therapy
250 _a4th ed
260 _bElsevier, Pub.2022
_c2022
650 _aDermatology
999 _c1222579
_d1222579